[Event "ROM-ch U10"]
[Site "Calimanesti"]
[Date "2015.04.04"]
[Round "7"]
[White "Cirlea, Nicolae"]
[Black "Stoian, Stefan Alexandru"]
[Result "0-1"]
[WhiteElo "1001"]
[BlackElo "1218"]
[PlyCount "95"]
[EventDate "2015.03.30"]
[EventType "swiss"]
[EventRounds "9"]
[EventCountry "ROU"]
[SourceTitle "CBM 165 Extra"]
[Source "ChessBase"]
[SourceDate "2015.04.21"]
[SourceVersion "1"]
[SourceVersionDate "2015.04.21"]
[SourceQuality "1"]

1. e4 d6 2. d4 Nf6 3. Nc3 g6 4. Nf3 Bg7 5. Bc4 c6 6. 0-0 b5 7. Bb3 0-0 8. d5 Qc7 9. Bg5 a5 10. a4 bxa4 11. Bxa4 Ba6 12. Re1 Qb7 13. Rb1 Bb5 14. dxc6 Bxc6 15. Bxc6 Qxc6 16. e5 dxe5 17. Nxe5 Qc5 18. Bxf6 Bxf6 19. Nd7 Nxd7 20. Qxd7 Bd4 21. Rf1 Rad8 22. Qb5 Rc8 23. Qxc5 Rxc5 24. Rbe1 Bxc3 25. bxc3 Rxc3 26. Rxe7 Rxc2 27. Ra1 Rfc8 28. Ree1 R8c5 29. h3 Rf5 30. Rf1 Rc8 31. g4 Rb5 32. Rfe1 a4 33. Rac1 Ra8 34. Rc2 a3 35. Ra1 Rba5 36. Rca2 f5 37. f4 fxg4 38. hxg4 Kf7 39. Kf2 Kf6 40. g5+ Kg7 41. Kg3 Kf7 42. Kg4 Ke6 43. Re1+ Kf7 44. f5 gxf5+ 45. Kh5 Kg7 46. Re7+ Kg8 47. Kh6 R5a6+ 48. Kh5 0-1